Photos des années 1980 - Statistiques

Statistiques générales
  • Ce quiz a été pris 34 fois
    4 depuis la dernière actualisation
  • Le résultat moyen est 5 sur 10
Statistiques - réponses
Hint Réponse % Correct
1980
Fin de la période de la détente et début de la dernière phase de la guerre froide
100%
1989
- chute du mur de Berlin
- les États-Unis envahissent le Panama
- indépendance de l'Estonie, de la Lettonie et de la Lituanie
100%
1982
- sortie du film E.T
- sortie de l'album Thriller de Mickael Jackson
- guerre des Malouines
100%
1986
- l'URSS envoie sa première station spatiale : Mir
- coupe du monde a Mexico
- catastrophe de Tchernobyl
50%
1988
- bicentenaire de l'Australie
- jeux olympiques d'été de Séoul
- les troupes soviétiques commencent a se retirer d'Afghanistan
50%
1983
- Attentat du Drakkar au Liban qui cause la mort de militaires, 58 français et 241 américains
- Grand krach du jeu vidéo
- Invasion de la Grenade par les Etats-Unis
50%
1987
Lundi noir
50%
1984
Lancement du premier Mac
0%
1981
État de siège en Pologne
0%
1985
Reagan et Gorbatchev se rencontrent a Genève pour mettre fin a la course a l'armement
0%
Aucun quiz correspondant
Distribution des résultats
% des personnes avec chaque résultat
Percentile par nombre de réponses
Votre historique - résultats
Vous n’avez pas pris ce quiz depuis la dernière actualisation